| 000 | 01017cam a2200277 4500 | ||
|---|---|---|---|
| 001 | X122286 | ||
| 008 | 030304n2003 000 0 eng u | ||
| 035 | _a(Sirsi) u122286 | ||
| 041 | _aeng | ||
| 110 |
_aRoyal Institution of Chartered Surveyors _bPlanning and Development Faculty _94351 |
||
| 245 |
_aSpecial briefing _b"Sustainable communities - building for the future" |
||
| 260 | _c2003 | ||
| 490 |
_aRICS Planning and Development Faculty Feature _v7 February 2003 (2) |
||
| 520 | _aFeature by the RICS Planning and Development Faculty outlining the key features of the government's 'communities plan' for rural and urban regeneration. | ||
| 590 | _aABS | ||
| 650 | _aSUSTAINABLE COMMUNITIES: BUILDING FOR THE FUTURE | ||
| 650 | _aHOUSE BUILDING | ||
| 650 | _aPLANNING PROCESS | ||
| 650 | _aREGIONAL PLANNING | ||
| 650 | _aREGIONAL PLANNING POLICY | ||
| 650 | _aRURAL COMMUNITIES | ||
| 650 | _aSUSTAINABLE COMMUNITIES | ||
| 650 | _aURBAN COMMUNITIES | ||
| 690 | _aREGENERATION | ||
| 942 | _n0 | ||
| 999 |
_c102812 _d102812 |
||